书目信息 |
| 题名: |
诗经
|
|
| 作者: | 傅璇琮 主编 | |
| 分册: | ||
| 出版信息: | 山东 泰山出版社 2007.04 |
|
| 页数: | 147页 | |
| 开本: | 20cm | |
| 丛书名: | ||
| 单 册: | ||
| 中图分类: | I222 | |
| 科图分类: | ||
| 主题词: | 诗歌--中国 , 韵文--中国 | |
| 电子资源: | ||
| ISBN: | 978-7-80634-572-6 | |
| 000 | 00509nam0 2200193 450 | |
| 001 | 0854565923 | |
| 005 | 20080923151053.73 | |
| 010 | @a978-7-80634-572-6@dCNY16.50 | |
| 100 | @a20080923d2007 km y0chiy0120 ea | |
| 101 | 0 | @achi |
| 200 | 1 | @a诗经@Ashi jing@f傅璇琮主编@Ffu xuan cong zhu bian |
| 210 | @a山东@c泰山出版社@d2007.04 | |
| 215 | @a147页@d20cm | |
| 606 | 0 | @a诗歌@x中国 |
| 606 | 0 | @a韵文@x中国 |
| 690 | @aI222@v4 | |
| 701 | 0 | @a傅璇琮@Afu xuan cong@4主编 |
| 801 | 0 | @aCN@c20080923 |
| 905 | @dI222@eF960 | |
| 诗经/傅璇琮主编.-山东:泰山出版社,2007.04 |
| 147页;20cm |
| ISBN 978-7-80634-572-6:CNY16.50 |
| ● |
| 相关链接 |
|
|
|
正题名:诗经
索取号:I222/F960
 
预约/预借
| 序号 | 登录号 | 条形码 | 馆藏地/架位号 | 状态 | 备注 |
| 1 | 678363 | 206783630 | 文学库108/ [索取号:I222/F960] | 在馆 | |
| 2 | 678364 | 206783649 | 文学库108/ [索取号:I222/F960] | 在馆 | |
| 3 | 678365 | 206783658 | 文学库108/108文学库 16排1列1层/ [索取号:I222/F960] | 在馆 |